000 01530nam0a22003731 4500
001 v19\rc\1806811
005 20071224113005.6
035 _a(NLR Aleph) 004907542
090 _a5442224
_c5442224
100 _a20071224d1906 |||y0rusy50 ca
101 0 _arus
102 _aRU
105 _ay z |||||
200 1 _aИстория великой американской демократии (С. Амер. соед. штатов)
_fП.Г. Мижуев
210 _aСанкт-Петербург
_cБрокгауз-Ефрон
_d1906
215 _a[4], 276, [3] с.
_d25
225 1 _aИстория Европы по эпохам и странам в средние века и новое время
_fИзд. под ред. Н.И. Кареева и И.В. Лучицкого
320 _aБиблиогр.: "Библиография сочинений по американской истории" (53 назв.)
532 1 2 _aИстория великой американской демократии Северных Амер. соед. штатов
700 1 _aМижуев
_bП. Г.
_f1861-
_gПавел Григорьевич
801 0 _aRU
_bNLR
_gpsbo
801 0 _aRU
_bRuMoRGB
_2psbo
801 1 _aRU
_bProSoft-M
_2rusmarc
852 _aNLR
_j38.46.7.67
899 _aRuMoRGB
_jV 80/284
899 _aRuMoRGB
_jРб 6/1668
899 _aRuMoRGB
_jСав 7/9
899 _aБАН
899 _aНБ СПбГУ
899 _aГПИБ
899 _aНБ МГУ
942 _cBOOK
980 _aMONB
980 _aNB